|
|
|
|
| LEADER |
02829nam a2200637 a 4500 |
| 001 |
nkc20102121649 |
| 003 |
CZ PrNK |
| 005 |
20200318144715.0 |
| 007 |
ta |
| 008 |
100825s2010 xr ach e 001 0 cze |
| 015 |
|
|
|a cnb002121649
|
| 020 |
|
|
|a 978-80-251-3134-3
|q (váz.)
|
| 035 |
|
|
|a (OCoLC)670481841
|
| 040 |
|
|
|a BOA001
|b cze
|d ABA001
|
| 043 |
|
|
|a e-xr---
|a e-xo---
|
| 045 |
|
|
|a x0y0
|
| 072 |
|
7 |
|a 614.84
|x Požáry. Ochrana před požáry
|2 Konspekt
|9 14
|
| 080 |
|
|
|a 629.361.6
|2 MRF
|
| 080 |
|
|
|a 614.846.6
|2 MRF
|
| 080 |
|
|
|a 614.843/.847
|2 MRF
|
| 080 |
|
|
|a 614.846
|2 MRF
|
| 080 |
|
|
|a (437.3)
|2 MRF
|
| 080 |
|
|
|a (437.6)
|2 MRF
|
| 080 |
|
|
|a (048.8)
|2 MRF
|
| 100 |
1 |
|
|a Šuman-Hreblay, Marián,
|d 1950-
|7 mzk2006320178
|4 aut
|
| 245 |
1 |
0 |
|a Hasičská vozidla :
|b česká a slovenská hasičská technika od roku 1904 do současnosti /
|c Marián Šuman-Hreblay
|
| 246 |
3 |
0 |
|a Česká a slovenská hasičská technika od roku 1904 do současnosti
|
| 250 |
|
|
|a Vyd. 1.
|
| 260 |
|
|
|a Brno :
|b Computer Press,
|c 2010
|
| 300 |
|
|
|a 206 s. :
|b il. (některé barev.), portréty, faksim. ;
|c 25 cm
|
| 490 |
1 |
|
|a Autosalon
|
| 504 |
|
|
|a Obsahuje bibliografii a rejstřík
|
| 648 |
|
4 |
|a 1904-2010
|
| 650 |
0 |
7 |
|a požární vozidla
|7 ph301393
|z Česko
|y 20.-21. století
|2 czenas
|
| 650 |
0 |
7 |
|a požární vozidla
|7 ph301393
|z Slovensko
|y 20.-21. století
|2 czenas
|
| 650 |
0 |
7 |
|a požární technika
|7 ph124492
|z Česko
|y 20.-21. století
|2 czenas
|
| 650 |
0 |
7 |
|a požární technika
|7 ph124492
|z Slovensko
|y 20.-21. století
|2 czenas
|
| 650 |
0 |
7 |
|a požární stříkačky
|7 ph136839
|z Česko
|y 20.-21. století
|2 czenas
|
| 650 |
0 |
7 |
|a požární stříkačky
|7 ph136839
|z Slovensko
|y 20.-21. století
|2 czenas
|
| 650 |
0 |
9 |
|a fire fighting vehicles
|z Czechia
|y 20th-21st centuries
|2 eczenas
|
| 650 |
0 |
9 |
|a fire fighting vehicles
|z Slovakia
|y 20th-21st centuries
|2 eczenas
|
| 650 |
0 |
9 |
|a fire technique
|z Czechia
|y 20th-21st centuries
|2 eczenas
|
| 650 |
0 |
9 |
|a fire technique
|z Slovakia
|y 20th-21st centuries
|2 eczenas
|
| 650 |
0 |
9 |
|a fire engines
|z Czechia
|y 20th-21st centuries
|2 eczenas
|
| 650 |
0 |
9 |
|a fire engines
|z Slovakia
|y 20th-21st centuries
|2 eczenas
|
| 655 |
|
7 |
|a přehledy
|7 fd133202
|2 czenas
|
| 655 |
|
9 |
|a surveys
|2 eczenas
|
| 830 |
|
0 |
|a Autosalon (Computer Press)
|0 s
|
| 856 |
4 |
1 |
|u http://www.digitalniknihovna.cz/mzk/uuid/uuid:fbf0acf0-6c7f-11e7-aab4-005056827e52
|y Digitalizovaný dokument
|x NDK
|
| 910 |
2 |
|
|a BOA001
|b 2-1248.588
|
| 990 |
|
|
|a BK
|
| 995 |
|
|
|a 01
|
| 991 |
|
|
|b 201009
|c NOV
|j 614.8 ŠUM
|e n
|
| 996 |
6 |
|
|b 2610447109
|c 2-1248.588
|l MZK
|r Sklad / do 1 hodiny
|n 2
|p p.v.
|w 001141076
|u 000010
|a 1
|e BOA001
|j MZK50
|s P
|
| 996 |
7 |
|
|b 2610447110
|c 2-1248.588
|l MZK
|r Sklad / do 1 hodiny
|n 11
|p p.v.
|w 001141076
|u 000020
|a 1
|e BOA001
|j MZK50
|s A
|
| 996 |
7 |
|
|b 2610487675
|c 2-1248.588
|l MZK
|r Sklad / do 1 hodiny
|n 3
|p p.v.
|w 001141076
|u 000030
|a 1
|e BOA001
|j MZK50
|s A
|